Modern Economic Diplomacy of Small States

Riadenie malých štátov čelí výzvam, pokiaľ ide o identifikáciu strategických záujmov v kontexte kľúčových globálnych trendov s cieľom zabezpečiť účinnejšiu koordináciu a spoluprácu pri tvorbe politiky a zamerať sa na oblasti, v ktorých môžu skutočne meniť. Vzniku nového multilateralizmu, ktorý si vy...

Descripción completa

Guardado en:
Detalles Bibliográficos
Autor principal: Brocková, Ingrid
Formato: Capítulo de libro
Lenguaje:inglés
Materias:
Etiquetas: Agregar Etiqueta
Sin Etiquetas, Sea el primero en etiquetar este registro!

MARC

LEADER 00000naa a2200000 4500
001 0259846
005 20240502074116.6
041 0 |a eng 
044 |a SK 
245 1 0 |a Modern Economic Diplomacy of Small States  |c Ingrid Brocková 
520 |a Riadenie malých štátov čelí výzvam, pokiaľ ide o identifikáciu strategických záujmov v kontexte kľúčových globálnych trendov s cieľom zabezpečiť účinnejšiu koordináciu a spoluprácu pri tvorbe politiky a zamerať sa na oblasti, v ktorých môžu skutočne meniť. Vzniku nového multilateralizmu, ktorý si vyžaduje cielenú, dobre koordinovanú a integrovanú zahraničnú politiku. Globálne trendy, ako sú zmena podnebia, migrácia, energetická bezpečnosť, rýchly technologický rozvoj a priemyselná revolúcia, spolu s nevyhnutným horizontálnym prístupom na ich riešenie si vyžadujú integráciu zahraničnej a bezpečnostnej politiky, obrannej politiky, obchodnej politiky a podpory vývozu, ako aj rozvojovej politiky. Usmernenia pre stanovenie politického rámca zahraničnej a domácej politiky by mohli byť trvalo udržateľnými rozvojovými cieľmi - program OSN 2030. 
610 2 0 |a záujmy ekonomické 
610 2 0 |a integrácia ekonomická medzinárodná 
610 2 0 |a integrácia horizontálna 
610 2 0 |a globalizácia 
610 2 0 |a diplomacia 
610 2 0 |a politika zahraničná 
610 2 0 |a rozvoj trvalo udržateľný 
610 2 0 |a multikulturalizmus 
100 1 |a Brocková, Ingrid